000 00422nam a2200145Ia 4500
008 230917s9999||||xx |||||||||||||| ||und||
040 _e172002
_aMAIN
041 _aEnglish
082 _a891.431721 SS64N
100 _aसिंह, सविता
245 0 _aनीदं थी और रात थी
260 _aदिल्ली
_bराधाकृष्ण
_c2005
300 _a142 पृ. p.
942 _cHN
999 _c129208
_d129208